00912nam a22002177a 450000500170000001000150001702000110003203500140004303700090005708200110006610000380007724501160011526000630023127001080029430000190040270000420042170000330046394200250049699900190052195201540054020250310122018.0 aENG-144063 c600.00 aEN-127595 bDBAD a954.35 aRao, Narasimha Vanam Jwala979462 aKCR's Magnificent Governance/cBy Vanam Jwala Narasimha Rao; VJM Divakar [and] Edited By Juluru Gowri Shankar  aHyderabadbJ V PublicationsJyothivalaboji @gmail.comc2021 aFlat No.502,Vasavi Bhuvana AptsSrinagar Colony,YellareddygudabHyderabad-500073Ph-8008137012,9849103359 a518pc22cm(pb) aShankar, Juluru Gowri eEditor979463 aDivakar, VJM eAuthor979464 2ddccENh954.35mRAO c210196d210196 001040708NFICaLbLd2025-03-10eDelivery of Books Act Divisiong600.00l0o954.35 RAOpEN-127595r2025-03-10 00:00:00t 1v600.00w2025-03-10yEN